000 04479cam a2200421 4500500
005 20251228045712.0
041 _afre
042 _adc
100 1 0 _aMaatouk, Fethi
_eauthor
700 1 0 _aBaccouche, Fatma
_eauthor
700 1 0 _aBaaziz, Ahlem
_eauthor
700 1 0 _aGhedira, Hichem
_eauthor
700 1 0 _aChala, Sanaa
_eauthor
700 1 0 _aBen Abdelaziz, Ahmed
_eauthor
245 0 0 _aLa santé bucco-dentaire au Grand Maghreb : revue systématique de la littérature
260 _c2022.
500 _a20
520 _aObjectifs : Les problèmes de santé bucco-dentaire sont une composante importante de la charge globale de morbidité qui détermine l’état de santé des populations et leurs dépenses de soins. Cette étude vise ainsi à analyser, à travers une revue de la littérature, les indicateurs de la santé bucco-dentaire dans les pays du Maghreb entre 1990 et 2020. Méthodologie : Une recherche bibliographique a été conduite durant le mois d’octobre 2020 sur trois bases de données (PubMed, ScienceDirect et Cochrane) avec une combinaison des mots clés MeSH. Résultats : Sur les 2 492 références identifiées initialement, 11 articles ont été sélectionnés après la lecture critique. L’analyse des résultats a révélé une forte morbidité des maladies bucco-dentaires dans les pays du Maghreb dominés par les caries dentaires et les maladies parodontales nécessitant des soins bucco-dentaires importants. La prévalence de la carie dentaire dépassait 50 % pour la denture temporaire à 6 ans et 60 % pour la denture permanente à 12 ans. Pour les maladies parodontales, la prévalence dépassait 55 % à l’âge de 15 ans. Des inégalités d’accès aux soins bucco-dentaires entre les régions ont été notées. Discussion : Les études sur la santé bucco-dentaire au Maghreb sont rares, anciennes et menées à différents moments, ce qui rend les comparaisons difficiles. Cette étude appelle à mener des enquêtes nationales régulières pour une évaluation objective et à jour des principaux indicateurs de santé bucco-dentaire. L’élaboration d’une stratégie intégrée de promotion de la santé orale reste encore aujourd’hui une priorité des systèmes de santé nationaux au Maghreb.
520 _aObjectives: Oral health problems are an important component of the overall burden of morbidity, determining the health status of populations and their expenditure on care. This study aims thus to analyze, through a literature review, the main indicators of oral health in the Maghreb countries between 1990 and 2020. Methodology: A bibliographic search was conducted during the month of October 2020 on three databases (Pubmed, Sciences Direct and Cochrane). A reading grid based on the STROBE criteria was used to evaluate the articles during critical reading. Results: Of the 2492 references initially identified, 11 articles were selected after the critical reading. Analysis of the results revealed a high morbidity of oral diseases in the Maghreb countries dominated by dental caries and periodontal diseases with a major need for oral care. The prevalence of dental caries exceeded 50% in temporary dentition at 6 years age and 60% in permanent dentition at 12 years. For periodontal diseases, the prevalence exceeds 55% at 15 years age. In addition, inequalities in access to oral care between regions were noted. Discussion: Oral health studies in the Maghreb are rare, old, and conducted at different times, making comparisons difficult between them. This study calls for regular national surveys for an objective and up-to-date assessment of the main epidemiological indicators. The development of an integrated strategy for the promotion of oral health is still a priority of national health systems in the Maghreb.
690 _aAlgérie
690 _aépidémiologie
690 _aétat de santé bucco-dentaire
690 _aindicateurs de santé bucco-dentaire
690 _aLibye
690 _aMaroc
690 _aMauritanie
690 _aTunisie
690 _aAlgeria
690 _aepidemiology
690 _aLibya
690 _aMauritania
690 _aMorocco
690 _aoral health indicators
690 _aoral health status
690 _aTunisia
786 0 _nSanté Publique | 34 | 2 | 2022-09-28 | p. 309-318 | 0995-3914
856 4 1 _uhttps://stm.cairn.info/revue-sante-publique-2022-2-page-309?lang=fr&redirect-ssocas=7080
999 _c1579163
_d1579163